| 000 | 00337nam a2200145Ia 4500 | ||
|---|---|---|---|
| 008 | 230312s9999||||xx |||||||||||||| ||und|| | ||
| 020 | _a0-683-04858-9 | ||
| 082 |
_a591.33 _bLAN-M |
||
| 100 | _aLangman;Jan | ||
| 245 | 0 | _aMedical Embrylogy | |
| 260 |
_bWilliam _aUSA _c1981 |
||
| 300 | _a383 | ||
| 650 |
_aMedical _vEmbrylogy |
||
| 942 | _cBK | ||
| 999 |
_c3162 _d3162 |
||